Practical sculpture /

Bibliographic Details
Main Author: Langland, Harold, 1939-
Format: Book
Language:English
Published: Englewood Cliffs, N.J. : Prentice Hall, [1988]
Subjects:

MARC

Tag First Indicator Second Indicator Subfields
LEADER 00000cam a2200000 a 4500
001 in00000014618
005 20151007052244.0
008 870430s1988 njua b 00110 eng
010 |a  87012581  
020 |a 0136921795 (pbk.) 
035 |a (OCoLC)15696877 
035 |9 AAA6991AM 
040 |a DLC  |c DLC  |d TXA  |d UtOrBLW 
049 |a TXAM  |c [A11031184] 
050 0 0 |a NB1170  |b .L36 1988 
082 0 |a 731.4  |2 19 
100 1 |a Langland, Harold,  |d 1939- 
245 1 0 |a Practical sculpture /  |c Tuck Langland. 
264 1 |a Englewood Cliffs, N.J. :  |b Prentice Hall,  |c [1988] 
264 4 |c ©1988 
300 |a x, 242 pages :  |b illustrations ;  |c 28 cm. 
336 |a text  |b txt  |2 rdacontent 
337 |a unmediated  |b n  |2 rdamedia 
338 |a volume  |b nc  |2 rdacarrier 
504 |a Bibliography: pages 237-238. 
500 |a Includes index. 
650 0 |a Sculpture  |x Technique. 
999 |a MARS 
999 f f |s e673552e-9477-32f5-8509-c0dd6bddbed7  |i 9319fd6f-197c-354f-9cfb-4f79b46ee0ca  |t 0 
952 f f |p normal  |a Texas A&M University  |b College Station  |c Sterling C. Evans Library  |d Evans: Library Stacks  |t 0  |e NB1170 .L36 1988  |h Library of Congress classification  |i unmediated -- volume  |m A14811031184 
998 f f |a NB1170 .L36 1988  |t 0  |l Evans: Library Stacks